Geopark Sandberg, Múzeum geológie a paleontológie, Devínska Nová Ves, Bratislava

Guardado en:
Detalles Bibliográficos
Autor principal: Halada, Matej (Autor)
Otros Autores: Šimkovič, Vladimír (Orientador)
Formato: Manuscrito Libro
Lenguaje:eslovaco
Publicado: Bratislava 2018
Materias:
Acceso en línea:http://is.stuba.sk/zp/portal_zp.pl?podrobnosti=139659
Etiquetas: Agregar Etiqueta
Sin Etiquetas, Sea el primero en etiquetar este registro!

MARC

LEADER 00000ntm a22000003a 4500
001 stuzp68708
003 SK-STU
005 20201124081223.0
007 ta
008 150427s2015----xo-----f-mn---000-0-slo-d
040 |a STU  |b slo 
041 0 |a slo 
100 1 |a Halada, Matej  |u 058180  |4 aut  |U FAD Fakulta architektúry  |T FA Ústav architektúry občianskych budov  |X 42071  |U A8180  |Y 399  |7 42071 
242 0 1 |a Geopark Sandberg, Museum of Geology and Paleontology, Devínska Nová Ves, Bratislava  |y eng 
245 1 0 |a Geopark Sandberg, Múzeum geológie a paleontológie, Devínska Nová Ves, Bratislava 
260 |c 2018  |a Bratislava 
650 4 |a Sandberg  |2 slo 
650 4 |a Geológia  |2 slo 
650 4 |a Paleontológia  |2 slo 
650 4 |a Sandberg  |2 eng 
650 4 |a Geology  |2 eng 
650 4 |a Paleontology  |2 eng 
700 1 |a Šimkovič, Vladimír  |u 058180  |k Z1  |4 ths  |U FAD Fakulta architektúry  |T FA Ústav architektúry občianskych budov  |X 394  |U A8180  |Y 399  |7 A000000394 
856 4 |u http://is.stuba.sk/zp/portal_zp.pl?podrobnosti=139659  |u https://opac.crzp.sk/?fn=detailBiblioForm&sid=EEE57057A47611A7EC79C64E9AC3